000 00753nam a2200241 i 4500
001 bg
100 1 _aVALID, Roger
245 1 0 _aThe nonlinear theory of shells through variational principles :
_bfrom elementary algebra to differential geometry /
_cR. Valid.
260 _aChichester [et al.] :
_bJohn Wiley,
_c1995.
300 _aXI, 477 s. ;
_c25 cm.
504 _aBibliogr. przy rozdz. Indeks.
650 9 _aPowłoki
_xteoria
650 9 _aSprężystość
_xteoria
650 9 _aGeometria różniczkowa
650 9 _aMatematyka
_xstosowanie
_xmechanika
020 _a0471954942
040 _cBPK
041 0 _aen
080 _a624.01/.07:539.3:514.7
920 _a0-471-95494-2
942 _cKS
008 s pl f |000 0 pol
999 _c30883
_d30883
856 _uhttp://koha.tu.koszalin.pl/cgi-bin/koha/opac-detail.pl?biblionumber=30883
_yKatalog online BPK